000 01132nam a2200313 i 4500
001 11802
003 KOSZ 005
005 20220419134343.0
008 070829s1969 pl a f 001 0 pol
015 _aPB 1969/4263
040 _aWA N
_cWA N
_dKOSZ 005/RW
_dKOSZ 005/HR
080 _a621.38
080 _a539.16
100 1 _aPiątkowski, Adam
_d(1930-2002)
_eAutor
245 1 0 _aElektroniczne mierniki promieniowania jonizującego /
_cAdam Piątkowski, Waldemar Scharf.
260 _aWarszawa :
_bWydawnictwo Ministerstwa Obrony Narodowej,
_c1969.
300 _a591, [1] s., [6] k. tabl. :
_bil., err. ;
_c23 cm.
380 _aKsiążki
388 _a1901-200
388 _a1945-1989
504 _aBibliogr. przy rozdz. Indeks.
650 4 _aPromieniowanie jonizujące
650 4 _aDetektor promieniowania
658 _aInżynieria i technika
700 1 _aScharf, Waldemar
_eAutor
710 2 _aWydawnictwo Ministerstwa Obrony Narodowej
_4pbl.
856 _uhttp://koha.tu.koszalin.pl/cgi-bin/koha/opac-detail.pl?biblionumber=11802
_yKatalog online BPK
942 _2UKD
_cKS
999 _c11802
_d11802